Bekannte Slogans #4 - Statistiken

Allgemein
  • Dieses Quiz wurde 165 mal gespielt
  • Das Durchschnittsergebnis liegt bei 6 aus 15
Antwortstatistiken
Slogan Marke % Korrekt
_____ activiert die Abwehrkräfte Actimel
88%
Die Gesundheitskasse AOK
74%
_____ Bergsteigermüsli. Bergsteigermüsli von _____ Seitenbacher
67%
Eine Perle der Natur Krombacher
65%
In jedem siebten Ei ... dabei Kinderüberraschung
60%
Ich fühle mich wohl in _____ Lenor
46%
Es gibt immer was zu tun Hornbach
45%
_____ ist für alle da Frosta
40%
Ich bin ein Gour_____ Meggle
35%
Simply clever Škoda
32%
Think different Apple
23%
Nur wo _____ draufsteht, ist auch _____ drin Nutella
23%
Das gewisse Tröpfchen etwas Maggi
15%
_____ Find ich gut Otto
13%
Der gesunde Start in den Tag Hohes C
11%
Keine übereinstimmenden Quizze gefunden
Verteilung der Resultate
Anzahl Personen mit jedem Resultat
Perzentil nach korrekt beantworteten Fragen
Ihre Resultats-Entwicklung
Sie haben dieses Quiz noch nicht gespielt